| 000 | 00527nam a22001817a 4500 | ||
|---|---|---|---|
| 003 | OSt | ||
| 005 | 20250703022305.0 | ||
| 008 | 250703b |||||||| |||| 00| 0 eng d | ||
| 020 | _a9786214270200 | ||
| 040 |
_aDWCL - Main lib _cOC |
||
| 082 | _aFil. 701.1 A712a 2018 | ||
| 100 | _aAriola, Mariano M. | ||
| 245 |
_a Art appreciation/ _cMariano A. Ariola |
||
| 260 |
_aManila: _bUnlimited Books Library Services and Publishing , _c c2018. |
||
| 650 | _a1.Arts. | ||
| 650 | _a2. Humanities | ||
| 942 |
_2ddc _cBK - FIL _kFil. _n0 |
||
| 999 |
_c3362 _d3362 |
||